000 00470nam a2200181Ia 4500
008 230125s9999 xx 000 0 und d
041 _aeng
082 _a352.002
_bKHU
100 _aKhutwad M
245 _aVikas gtatil ani talukyatil samitya
260 _c1997
_bIndian Institute of Education
300 _a24p
500 _aPanchayati raj,Marathi book
500 _aEducation;Grampanchayat
650 _aEducation
700 _aKhutwad M
999 _c91117
_d91117